[Event "Acropolis Open"]
[Site "Athens GRE"]
[Date "2003.08.29"]
[Round "5"]
[White "Petrov,Marij"]
[Black "Stanojoski,Z"]
[Result "1-0"]
[WhiteElo "2475"]
[BlackElo "2496"]

1.e4 c5 2.Nc3 g6 3.d4 Bg7 4.dxc5 Qa5 5.Bd2 Qxc5 6.Nd5 Na6 7.Nf3 Bxb2 8.Rb1 Bg7
9.Bxa6 bxa6 10.O-O a5 11.Rb5 Qc6 12.Bxa5 Ba6 13.Nc7+ Kf8 14.Rb3 Rc8 15.Nxa6 Qxa6
16.Qxd7 Nf6 17.Qb7 Qxb7 18.Rxb7 Nxe4 19.Rxa7 f5 20.Bb4 Bf6 21.Rc1 Kf7 22.c4 Rhd8
23.g3 g5 24.Ra5 g4 25.Ne5+ Ke6 26.f4 gxf3 27.Nxf3 Bb2 28.Rc2 Rd1+ 29.Kg2 Bd4
30.Rd5 Rxc4 31.Rxc4 Kxd5 32.Rxd4+ Rxd4 33.Nxd4 Kxd4 34.Bxe7 Kc4 35.a4 Nc3
36.a5 Kb5 37.Bd8 Nd5 38.Kh3 h5 39.Bg5 Kxa5 40.Kh4 Kb5 41.Kxh5 Kc6 42.Kg6 Kd7
43.Kxf5 Ke8 44.Kg6 Nc7 45.h4 Ne6 46.Bh6 Nd4 47.h5 Nc6 48.Bg5 Kf8 49.Bf6  1-0

[Event "LXXVII ch-ARG"]
[Site "Tres de Febrero ARG"]
[Date "2003.09.03"]
[Round "1"]
[White "Montoro,G"]
[Black "Dolezal,C"]
[Result "0-1"]
[WhiteElo "2122"]
[BlackElo "2410"]

1.e4 g6 2.d4 Bg7 3.Nc3 c5 4.Be3 Qa5 5.Qd2 cxd4 6.Bxd4 Bxd4 7.Qxd4 Nf6 8.Nf3 Nc6
9.Qd2 d6 10.h3 Be6 11.Be2 h6 12.O-O Rc8 13.a3 Ne5 14.Nxe5 Qxe5 15.Bd3 g5
16.f4 gxf4 17.Qxf4 Rc5 18.Rae1 Rg8 19.Qxe5 Rxe5 20.Kh2 a6 21.Nb1 Rh5 22.Be2 Rc5
23.Bd3 Nd7 24.Nd2 Ne5 25.Rc1 Rg5 26.Rfd1 Kf8 27.Nf3 Nxf3+ 28.gxf3 Rh5 29.Bf1 Rh4
30.Kg3 Rch5 31.Rd2 Kg7 32.Rh2 f5 33.f4 fxe4 34.Re1 Bf5 35.c4 e5 36.fxe5 dxe5
37.Re3 Rf4 38.Rh1 Rg5+  0-1

[Event "LXXVII ch-ARG"]
[Site "Tres de Febrero ARG"]
[Date "2003.09.05"]
[Round "3"]
[White "Flores,Di"]
[Black "Dolezal,C"]
[Result "1-0"]
[WhiteElo "2439"]
[BlackElo "2410"]

1.e4 g6 2.d4 Bg7 3.Nc3 c5 4.dxc5 Bxc3+ 5.bxc3 Qa5 6.Bd3 Qxc5 7.Ne2 d6 8.O-O Nd7
9.Nf4 Ngf6 10.c4 e5 11.Nd5 Nxd5 12.cxd5 f6 13.Bh6 Rg8 14.Kh1 g5 15.Qh5+ Rg6
16.h4 gxh4 17.Be3 Qa5 18.f4 Kd8 19.Qxh7 Rg3 20.fxe5 Nxe5 21.Rxf6 Bd7 22.Qxh4 Rxe3
23.Rf8+ Kc7 24.Rxa8 Bc8 25.Rf1 Nd7 26.Qh8 Nb8 27.Rf7+ Kb6 28.Qd8+  1-0

[Event "LXXVII ch-ARG"]
[Site "Tres de Febrero ARG"]
[Date "2003.09.11"]
[Round "9"]
[White "Aguilar,M"]
[Black "Giampa,A"]
[Result "0-1"]
[WhiteElo "2133"]
[BlackElo "2271"]

1.e4 g6 2.d4 Bg7 3.Nc3 c5 4.dxc5 Qa5 5.Bd2 Qxc5 6.Nd5 b6 7.Nf3 Bb7 8.Bc3 Bxc3+
9.Nxc3 Nf6 10.Bd3 Nc6 11.O-O O-O 12.a3 Rac8 13.h3 d6 14.Qe2 Rfe8 15.Rad1 Nh5
16.Qd2 Ne5 17.Nxe5 dxe5 18.Ne2 Red8 19.Qg5 Rd7 20.g3 Rcd8 21.Nc3 Ng7 22.Qe3 Ne6
23.Rfe1 Nd4 24.Ne2 Qc7 25.c3 Nb3 26.Bc2 Nd2 27.g4 Rd6 28.Ng3 Qc5 29.Nf1 Qxe3
30.Nxe3 Nf3+ 31.Kg2 Nxe1+ 32.Rxe1 Rd2 33.Kf1 Ba6+ 34.Kg2 e6 35.Kf3 Bd3 36.Bxd3 R8xd3
37.Re2 f6 38.a4 Kf7 39.Rxd2 Rxd2 40.Nc4 Rd3+ 41.Ke2 Rxh3 42.a5 bxa5 43.Nxa5 Rh1
44.Nc6 Ra1 45.Nb4 a5 46.Nd3 a4 47.c4 Ke7 48.c5 h6 49.f4 exf4 50.Nxf4 Ra2  0-1

[Event "ProMoPro Open"]
[Site "Prague CZE"]
[Date "2003.09.14"]
[Round "9"]
[White "Chalupa,I"]
[Black "Stehno,P"]
[Result "1-0"]
[WhiteElo "2086"]
[BlackElo "2327"]

1.e4 g6 2.d4 Bg7 3.Nc3 a6 4.f4 b5 5.Nf3 Bb7 6.Bd3 d6 7.a4 b4 8.Ne2 Nd7 9.O-O e5
10.c3 Ngf6 11.Qb3 Bxe4 12.Bxe4 Nxe4 13.fxe5 dxe5 14.Ng5 Nxg5 15.Bxg5 f6 16.dxe5 Nxe5
17.Bf4 Nf7 18.Nd4 O-O 19.Ne6 Qb8 20.Nxf8 Bxf8 21.Bd2 Qb6+ 22.Kh1 a5 23.Rae1 Ra6
24.Re8 Kg7 25.Rfe1 Qf2 26.R8e2 Qh4 27.Re7  1-0

[Event "GM"]
[Site "Ansfelden AUT"]
[Date "2003.09.15"]
[Round "4"]
[White "Moser,E"]
[Black "Stanec,N"]
[Result "1/2-1/2"]
[WhiteElo "2328"]
[BlackElo "2560"]

1.e4 g6 2.d4 Bg7 3.Nc3 d5 4.exd5 Nf6 5.Bc4 Nbd7 6.Qf3 O-O 7.Bg5 Nb6 8.Bb3 Bg4
9.Qf4 Re8 10.h3 Bf5 11.Qf3 Nc8 12.Nge2 Nd6 13.Ng3 Bc8 14.a4 b6 15.O-O a6
16.Na2 b5 17.Nb4 Bb7 18.Nc6 Qd7 19.Ne5 Qc8 20.Rfe1 h6 21.Bd2 Bf8 22.h4 h5
23.Bg5 Nh7 24.Bf4 Nf6 25.Bg5 Nh7 26.Bd2 Nf6 27.c3 Bg7 28.Nc6 Qd7 29.Ne5 Qc8
30.Bg5 Nh7 31.Nc6 Nxg5 32.hxg5 Bxc6 33.dxc6 e6 34.axb5 axb5 35.Ne4 Rxa1 36.Rxa1 Nf5
37.Ng3 Nd6 38.Ne4 Nf5 39.Ng3 Nd6 40.Ne4  1/2-1/2

[Event "ECC"]
[Site "Rethymnon GRE"]
[Date "2003.10.02"]
[Round "5"]
[White "Heberla,B"]
[Black "Plakalovic,P"]
[Result "1/2-1/2"]
[WhiteElo "2420"]
[BlackElo "2168"]

1.Nc3 g6 2.e4 Bg7 3.d4 c5 4.dxc5 Qa5 5.Bd2 Qxc5 6.Nd5 Na6 7.Nf3 e6 8.Bc3 Bxc3+
9.Nxc3 Ne7 10.Qd2 Nb4 11.e5 Qa5 12.Bc4 Nec6 13.Qe2 O-O 14.O-O-O f6 15.exf6 Rxf6
16.a3 Na6 17.Ne4 Rf8 18.Nd6 Nc5 19.Qd3 Qb6 20.b4 Nxb4 21.axb4 Qxb4 22.h4 b5
23.h5 bxc4 24.Qxg6+ hxg6 25.hxg6  1/2-1/2

[Event "ECC"]
[Site "Rethymnon GRE"]
[Date "2003.10.04"]
[Round "7"]
[White "Nyysti,S"]
[Black "Schwaninger,W"]
[Result "1-0"]
[WhiteElo "2399"]
[BlackElo "2207"]

1.e4 g6 2.d4 Bg7 3.Nc3 c5 4.d5 d6 5.Bb5+ Bd7 6.a4 a6 7.Be2 Nf6 8.a5 b5 9.axb6 Qxb6
10.Nf3 O-O 11.Nd2 Ne8 12.Nc4 Bxc3+ 13.bxc3 Qd8 14.Na5 e5 15.O-O Ra7 16.Bh6 Ng7
17.f4 f6 18.f5 gxf5 19.exf5 Bb5 20.c4 Be8 21.Bd3 Kh8 22.Kh1 Rg8 23.g4 Bf7
24.Be4 Qb6 25.Rf3 Nd7 26.Rh3 Be8 27.Qe1 Nf8 28.Rb1 Qc7 29.Nc6 Ra8 30.Rhb3 Bxc6
31.dxc6 Ne8 32.Rb7 Qc8 33.Qh4  1-0

[Event "29th Guernsey Open"]
[Site "Les Dicqs GCI"]
[Date "2003.10.19"]
[Round "1"]
[White "Reijneveld,A"]
[Black "Morcom,H"]
[Result "1-0"]
[WhiteElo "2220"]
[BlackElo "2020"]

1.Nc3 g6 2.d4 Bg7 3.e4 c5 4.dxc5 Qa5 5.Bd2 Qd8 6.Bc4 Nc6 7.Nf3 Nf6 8.e5 Ng4
9.Bxf7+ Kxf7 10.Ng5+ Ke8 11.Qxg4 Nxe5 12.Qe4 e6 13.h4 h6 14.f4 Nf7 15.Qxg6 Qf6
16.Qxf7+ Qxf7 17.Nxf7 Kxf7 18.O-O-O b6 19.cxb6 axb6 20.a3 Bb7 21.Nb5 Bc6
22.Nd6+ Kg6 23.Rh3 Kh7 24.g4 Ra4 25.Bb4 e5 26.f5 Rg8 27.g5  1-0

[Event "Ralston IM"]
[Site "San Francisco USA"]
[Date "2003.11.02"]
[Round "7"]
[White "Ilic,Z1"]
[Black "Mezentsev,V"]
[Result "0-1"]
[WhiteElo "2379"]
[BlackElo "2423"]

1.d4 g6 2.e4 Bg7 3.Nc3 c5 4.d5 d6 5.Nf3 a6 6.a4 Bg4 7.Be2 Bxf3 8.Bxf3 Nd7
9.O-O Ngf6 10.Bf4 h6 11.Re1 g5 12.Bg3 Ne5 13.Bxe5 dxe5 14.Bh5 Qd7 15.h3 b6
16.Qf3 O-O 17.Nd1 e6 18.Bg4 c4 19.Ne3 b5 20.h4 gxh4 21.Bh3 Qe7 22.c3 Nd7
23.Nc2 Nc5 24.axb5 axb5 25.Rxa8 Rxa8 26.Nb4 Qg5 27.dxe6 fxe6 28.Rd1 Rf8 29.Qe2 Rf4
30.f3 Bf8 31.Kh1 Kh8 32.Ra1 Rf7 33.Rd1 h5 34.Qd2 Qg3 35.Qe3 Kh7 36.Rd8 Ra7
37.Rd1 Rc7 38.Qd2 Bh6 39.Qd8 Ra7 40.Qe8 Bf4 41.Qxh5+ Kg7 42.Qg4+ Kf6 43.Qxg3 hxg3
44.Kg1 Rd7 45.Rxd7 Nxd7 46.Nd5+ Kf7 47.Nc7 Nc5 48.Nxb5 Nb7 49.Kf1 Be3 50.Ke2 Bc5
51.Nc7 Nd8 52.Kd2 Ke7 53.Kc2 Bd6 54.Nb5 Kd7 55.Na3 Bxa3 56.bxa3 Nb7 57.a4 Nc5
58.a5 Kc6 59.Kd2 Kb5 60.Ke3 Nd3 61.Bxe6 Nf4 62.Bf7 Nxg2+ 63.Ke2 Nf4+ 64.Kf1 Kxa5
65.Bxc4 Ka4 66.Bf7 Ka3 67.Bg8 Kb2 68.c4 Kc3 69.c5 Kd4 70.c6 Ke3 71.c7 Kxf3
72.c8=Q g2+ 73.Ke1 g1=Q+ 74.Kd2 Qe3+ 75.Kc2 Qxe4+ 76.Kb3 Qb1+ 77.Ka3 e4 78.Qc3+ e3
79.Bb3 Qg6 80.Bd1+ Kf2 81.Qb2+ Ke1  0-1

[Event "TCh-CZE Extraliga 2003-4"]
[Site "Czech Rep CZE"]
[Date "2003.11.08"]
[Round "1"]
[White "Salai,L"]
[Black "Nedela,V"]
[Result "1/2-1/2"]
[WhiteElo "2417"]
[BlackElo "2381"]

1.e4 g6 2.d4 Bg7 3.Nc3 a6 4.Nf3 d6 5.Be2 Nd7 6.O-O e6 7.Be3 Ne7 8.Qd2 h6
9.Rad1 b6 10.d5 e5 11.Ne1 Nf6 12.f4 Ng4 13.Bxg4 Bxg4 14.Nf3 exf4 15.Bd4 Bxd4+
16.Qxd4 O-O 17.Qf6 Kh7 18.Qxf4 Qd7 19.e5 Bxf3 20.Rxf3 dxe5 21.Qxe5 Rae8 22.d6 Ng8
23.Qd4 Re6 24.Qa4 b5 25.Qxa6 c6 26.Qa3 f5 27.Rfd3 Nf6 28.Qa5 Rb8 29.Qc7 Rb7
30.Qxd7+ Rxd7 31.a4 bxa4 32.Nxa4 Ne4 33.b4 Rexd6 34.Rxd6 Rxd6 35.Rxd6 Nxd6
36.Kf2 f4 37.Nc5 g5 38.Ne6 Kg6 39.Nd4 c5 40.bxc5 Ne4+ 41.Kf3 Nxc5 42.h4 Kh5
43.hxg5 hxg5 44.c4 Kg6 45.g3  1/2-1/2

[Event "39th American Open"]
[Site "Los Angeles USA"]
[Date "2003.11.29"]
[Round "5"]
[White "Serpik,I"]
[Black "Schiller,E"]
[Result "1/2-1/2"]
[WhiteElo "2274"]
[BlackElo "2201"]

1.e4 g6 2.d4 Bg7 3.Nc3 c5 4.dxc5 Bxc3+ 5.bxc3 Qa5 6.Qd4 Nf6 7.f3 Nc6 8.Qe3 O-O
9.Bc4 b6 10.cxb6 axb6 11.Ne2 d5 12.exd5 Nxd5 13.Bxd5 Qxd5 14.O-O Rxa2 15.Rxa2 Qxa2
16.Qxb6 Qc4 17.Bh6 Re8 18.Nd4 Nxd4 19.Qxd4 Qxd4+ 20.cxd4 Ba6 21.Re1 f6 22.Re6 Bc4
23.Rc6 Ba2 24.Be3 Kf7 25.c4 Rb8 26.d5 Rb4  1/2-1/2

[Event "39th American Open"]
[Site "Los Angeles USA"]
[Date "2003.11.30"]
[Round "8"]
[White "Abrahamyan,T"]
[Black "Schiller,E"]
[Result "0-1"]
[WhiteElo "2228"]
[BlackElo "2201"]

1.e4 g6 2.d4 Bg7 3.Nc3 c5 4.Nf3 Qa5 5.Bc4 cxd4 6.Nxd4 Qc5 7.Ncb5 a6 8.Bb3 axb5
9.Be3 Qb4+ 10.c3 Qa5 11.O-O Nc6 12.f4 b4 13.f5 Nf6 14.Nxc6 dxc6 15.g4 O-O
16.Qf3 bxc3 17.g5 cxb2 18.Rad1 Nxe4 19.fxg6 Nxg5 20.gxf7+ Kh8 21.Qg2 Bh3
22.Qxg5 Qxg5+  0-1

[Event "TCh-BEL 2003-4"]
[Site "Belgium BEL"]
[Date "2003.12.08"]
[Round "4"]
[White "Laurent,B"]
[Black "Cacco,C"]
[Result "1-0"]
[WhiteElo "2365"]
[BlackElo "2340"]

1.e4 g6 2.d4 Bg7 3.Nc3 a6 4.a4 b6 5.h4 Bb7 6.h5 c5 7.d5 d6 8.Bc4 Nd7 9.f4 Nf8
10.Nf3 e6 11.Bd2 Qe7 12.Qe2 gxh5 13.e5 Nh6 14.exd6 Qxd6 15.Rxh5 Qe7 16.O-O-O Nf5
17.dxe6 fxe6 18.Ne4 Rd8 19.Bxa6 Nd4 20.Nxd4 Rxd4 21.Bb5+ Kf7 22.Ng5+ Kg8
23.Re1 h6 24.Nxe6 Qxe6 25.Qxe6+ Nxe6 26.Rxe6 Bxg2 27.Rxb6 Bf1 28.Rxc5 Rd8
29.Bc4+ Kh7 30.Bd3+ Kg8 31.Rc7  1-0

[Event "3rd NAO GM"]
[Site "Paris FRA"]
[Date "2003.12.22"]
[Round "8"]
[White "Vandevoort,P"]
[Black "Murey,J"]
[Result "1/2-1/2"]
[WhiteElo "2363"]
[BlackElo "2465"]

1.d4 g6 2.e4 Bg7 3.Nc3 c5 4.d5 d6 5.Nf3 Nf6 6.Bb5+ Nbd7 7.a4 O-O 8.O-O a6
9.Be2 b6 10.Bg5 h6 11.Bf4 Ne8 12.Nd2 Ne5 13.Bg3 f5 14.f4 Nf7 15.exf5 Bxf5
16.Nf3 h5 17.Nh4 Nh6 18.Bd3 Bxc3 19.bxc3 Kg7 20.c4 Nf6 21.Be1 Bg4 22.Qc1 Bf5
23.Qd1 Bg4 24.Qc1 Bf5 25.Bd2 Bg4 26.Qd1 Nf5 27.Kh1 Nxh4 28.Qc1 Bf5 29.Be1 Bg4
30.Bc3 Rh8 31.Qd1 Bc8  1/2-1/2

[Event "TCh-FIN 2003-4"]
[Site "Finland FIN"]
[Date "2004.01.10"]
[Round "6"]
[White "Franssila,T"]
[Black "Hentunen,A"]
[Result "0-1"]
[WhiteElo "2269"]
[BlackElo "2330"]

1.d4 g6 2.e4 Bg7 3.Nc3 c5 4.d5 d6 5.Nf3 Bg4 6.Be2 Bxf3 7.Bxf3 Nf6 8.O-O O-O
9.Bf4 Nfd7 10.Qd2 Re8 11.h4 Na6 12.h5 Nc7 13.a4 a6 14.hxg6 hxg6 15.Be2 Ne5
16.Bh6 Qd7 17.Bxg7 Kxg7 18.Qg5 Rh8 19.f4 f6 20.Qg3 Nf7 21.Bg4 Qe8 22.Be6 b5
23.axb5 axb5 24.Rxa8 Qxa8 25.e5 dxe5 26.Bxf7 Kxf7 27.fxe5 Nxd5 28.exf6 Nxf6
29.Nxb5 Qa4 30.Nc7 Qxc2 31.Qe5 Qc4 32.Re1 Qd4+ 33.Qxd4 cxd4 34.Ne6 Rb8 35.Nxd4 Rxb2
36.Nc6 Nd5 37.Ne5+ Kg7 38.Nc6 Kf6 39.Ne5 Nf4 40.Ng4+ Kg5 41.Ne3 e6 42.Ra1 Re2
43.Ra3 Rb2 44.Ra5+ Kf6 45.Ra4 g5 46.Ra3 Kg6 47.Kf1 Kh5 48.g3 Ne2 49.Kg2 Nd4+
50.Kh3 Nf3 51.g4+ Kg6 52.Nc4 Ng1+ 53.Kg3 Rb4 54.Ne5+ Kf6 55.Nd3 Rc4 56.Kf2 Nh3+
57.Kg3 Nf4 58.Nxf4 gxf4+ 59.Kf3 e5 60.Ra8 Rc3+ 61.Ke4 Re3+ 62.Kd5 f3 63.Rg8 e4
64.Rf8+ Kg5 65.Ke5 Kxg4 66.Rg8+ Kh3 67.Kf4 Re2 68.Rg7 f2 69.Rh7+ Kg2 70.Rg7+ Kf1
71.Rg6 Re1 72.Rh6 Ke2 73.Rh2 e3  0-1

[Event "1st WinTV Open"]
[Site "Chennai IND"]
[Date "2004.01.29"]
[Round "10"]
[White "Abhay,T"]
[Black "Anilkumar,O"]
[Result "0-1"]
[WhiteElo "2208"]
[BlackElo "2282"]

1.e4 g6 2.d4 Bg7 3.Nc3 c5 4.Be3 cxd4 5.Bxd4 Bxd4 6.Qxd4 Nf6 7.Bc4 Nc6 8.Qd2 O-O
9.f3 d6 10.O-O-O Bd7 11.Nge2 a6 12.h4 Kh8 13.h5 g5 14.Qxg5 Rg8 15.Qe3 Ne5
16.Bb3 Rxg2 17.Rdg1 Rxg1+ 18.Rxg1 Be6 19.Bxe6 fxe6 20.Nf4 Qf8 21.Nxe6 Qf7
22.Ng5 Qxh5 23.f4 Nf7 24.e5 dxe5 25.fxe5 Nxg5 26.Rxg5 Ng4 27.Qf4 Qh1+ 28.Nd1 Nh6
29.e6 Ng8 30.Qe5+ Nf6 31.Rg1 Qe4 32.Qxe4 Nxe4 33.Ne3 Rg8 34.Rf1 Ng5 35.Nd5 Re8
36.Re1 Kg7 37.Re3 h5 38.Re5 Kg6 39.Nf4+ Kf6 40.Re3 h4 41.Nh5+ Kg6 42.Nf4+ Kf5
43.Nh5 Rh8  0-1

[Event "48th ch-BLR w"]
[Site "Minsk BLR"]
[Date "2004.02.20"]
[Round "1"]
[White "Sharevich,A"]
[Black "Volchek,N"]
[Result "1-0"]
[WhiteElo "2236"]
[BlackElo "2192"]

1.d4 g6 2.e4 Bg7 3.Nc3 c5 4.d5 d6 5.g3 Nf6 6.Bg2 O-O 7.Nge2 Nbd7 8.O-O Rb8
9.a4 b6 10.h3 a6 11.Rb1 b5 12.axb5 axb5 13.b4 cxb4 14.Na2 b3 15.cxb3 Qa5
16.Bd2 Qb6 17.Nb4 Bb7 18.Be3 Nc5 19.Nd3 b4 20.Nxc5 dxc5 21.Rc1 Rbc8 22.Rc2 Rfd8
23.Qc1 Nd7 24.f4 e6 25.Rd1 exd5 26.exd5 Qd6 27.g4 Re8 28.Ng3 Bf8 29.Ne4 Qb8
30.Qd2 Qa8 31.Ra2 Qb8 32.Qf2 Rcd8 33.Rad2 Qa7 34.f5 Qb6 35.Bg5 f6 36.fxg6 fxg5
37.Qf7+  1-0

[Event "20th Open"]
[Site "Cappelle la Grande FRA"]
[Date "2004.03.01"]
[Round "3"]
[White "Spoelman,W"]
[Black "Czebe,A"]
[Result "0-1"]
[WhiteElo "2239"]
[BlackElo "2487"]

1.e4 g6 2.d4 Bg7 3.Nc3 a6 4.Bg5 b5 5.Nf3 Bb7 6.Bd3 d6 7.O-O Nd7 8.a4 b4 9.Ne2 h6
10.Be3 e5 11.c3 Ngf6 12.Ng3 exd4 13.cxd4 O-O 14.Qd2 Re8 15.Bxh6 Nxe4 16.Nxe4 Bxe4
17.Bxe4 Rxe4 18.Bxg7 Kxg7 19.Qxb4 Ne5 20.Nxe5 dxe5 21.Qb7 Rxd4 22.Rac1 Rxa4
23.Rxc7 Rf4 24.Rd7 Rb8 25.Qd5 Qe8 26.Rc1 Rd4 27.Rxf7+ Kg8 28.Rg7+ Kxg7 29.Rc7+ Kh8
30.Qf3 Qe6 31.h3 Kg8  0-1

[Event "20th Open"]
[Site "Cappelle la Grande FRA"]
[Date "2004.03.01"]
[Round "4"]
[White "Yagupov,I"]
[Black "Chernyshov,K"]
[Result "0-1"]
[WhiteElo "2439"]
[BlackElo "2557"]

1.e4 g6 2.d4 Bg7 3.Nc3 a6 4.Be3 b5 5.Qd2 Bb7 6.f3 d6 7.O-O-O Nd7 8.d5 c5
9.dxc6 Bxc6 10.Nge2 b4 11.Nd5 Bxd5 12.Qxd5 Ngf6 13.Qd2 Qa5 14.Kb1 O-O 15.Bh6 Bxh6
16.Qxh6 Rfc8 17.Nd4 Qc5 18.Qd2 a5 19.g4 Ne5 20.Rc1 d5 21.g5 Nh5 22.Nb3 Nxf3
23.Qe2 Nd4 24.Nxd4 Qxd4 25.exd5 Nf4 26.Qxe7 Nxd5 27.Qe2 Ne3 28.Bh3 Nc4 29.c3 Nd2+
30.Kc2 bxc3 31.Bxc8 Rxc8 32.b3 a4 33.Qd3 axb3+ 34.axb3 Qb6 35.Kd1 Qxb3+ 36.Ke2 Re8+
37.Kf2 Qb6+ 38.Kg2 Re3 39.Qd5 Re2+ 40.Kh3 Qe3+ 41.Kg4 Ne4 42.Rcf1 Rg2+  0-1

[Event "Petrosian Mem"]
[Site "Stepanakert AZE"]
[Date "2004.03.09"]
[Round "1"]
[White "Sveshnikov,E"]
[Black "Ghaem Maghami,E"]
[Result "1-0"]
[WhiteElo "2557"]
[BlackElo "2549"]

1.e4 g6 2.d4 Bg7 3.Nc3 c5 4.dxc5 Qa5 5.Bd2 Qxc5 6.Nd5 Na6 7.Nf3 Bxb2 8.Rb1 Bg7
9.Bxa6 bxa6 10.O-O a5 11.Be3 Qc6 12.Bf4 d6 13.Nd4 Bxd4 14.Qxd4 f6 15.Rb3 Kf7
16.Rc3 Qd7 17.Rc7 Qd8 18.Qc4 Be6 19.Qc6 Rc8 20.Bxd6 Rxc7 21.Bxc7 Qd7 22.Qxd7 Bxd7
23.Rb1 e6 24.Ne3 Bc6 25.f3 Ne7 26.Bxa5 e5 27.Nc4 Ke6 28.Rd1 Rb8 29.Rd6+ Kf7
30.Bd8 Rc8 31.Ne3 Ke8 32.Ba5 Kf7 33.Ng4 Ng8 34.Bd8 Bb5 35.Nxf6 Nxf6 36.Bxf6 Rxc2
37.Bxe5 Rc1+ 38.Kf2 Rc2+ 39.Kg3 Rxa2 40.Bd4 Rd2 41.e5 Bf1 42.Bxa7 Rxg2+ 43.Kf4 Bc4
44.Rf6+ Ke8 45.Bc5 Kd7 46.Rd6+ Ke8 47.Rb6 Kd7 48.e6+ Kc7 49.e7 Re2 50.Rf6 Bb5
51.Rf8 Bd7 52.Be3 g5+ 53.Ke4 Bc6+ 54.Kd4 Rxh2 55.Bxg5 Rf2 56.Bh4 Rf1 57.Ke3  1-0

[Event "ch-PERw"]
[Site "Lima PER"]
[Date "2004.03.14"]
[Round "7.1"]
[White "Morales Mendoza,L"]
[Black "Zapata,K"]
[Result "0-1"]
[WhiteElo "2120"]
[BlackElo "2167"]

1.e4 g6 2.d4 Bg7 3.Nc3 c5 4.Nf3 cxd4 5.Nxd4 Nc6 6.Be3 Nf6 7.Be2 d6 8.O-O O-O
9.Nb3 Qc7 10.f4 a6 11.a4 Be6 12.f5 Bxb3 13.cxb3 Qa5 14.Qe1 Qb4 15.fxg6 hxg6
16.Qh4 d5 17.Bh6 Qd4+ 18.Kh1 Nxe4 19.Bxg7 Kxg7 20.Rad1 Rh8 21.Qf4 Qf6 22.Nxe4 dxe4
23.Qxe4 Qe5 24.Qxe5+ Nxe5 25.Rd5 f6 26.Rc1 Rhd8 27.Bf3 Nxf3 28.Rxd8 Rxd8
29.gxf3 Rd7 30.Rc2 Kf7 31.Kg2 Rd3 32.Rc3 Rd2+ 33.Kg3 Rxb2 34.h3 b5 35.axb5 axb5
36.Kf4 b4 37.Re3 e5+ 38.Kg3 Ke6 39.f4 Rc2 40.fxe5 fxe5 41.Kf3 Rc3 42.Rxc3 bxc3
43.Ke3 e4  0-1

[Event "ch-DEN"]
[Site "Koge DEN"]
[Date "2004.04.05"]
[Round "1.2"]
[White "Mortensen,E"]
[Black "Skytte,R"]
[Result "1/2-1/2"]
[WhiteElo "2450"]
[BlackElo "2401"]

1.e4 g6 2.d4 Bg7 3.Nc3 d5 4.exd5 Nf6 5.Bc4 Nbd7 6.Bb3 Nb6 7.Nf3 a5 8.a4 Nbxd5
9.Nxd5 Nxd5 10.h3 O-O 11.O-O c6 12.Re1 Be6 13.Ng5 Bf5 14.c3 Qd6 15.g4 Bd7
16.Ne4 Qc7 17.Nc5 Rae8 18.Qf3 Qc8 19.Bd2 b6 20.Nd3 f5 21.g5 f4 22.Nxf4 Kh8
23.h4 Rf5 24.Qg3 Nxf4 25.Bxf4 Ref8 26.Re4 e6 27.Qe3 c5 28.dxc5 bxc5 29.Rd1 Qb7
30.Rxd7 Qxd7 31.Bxe6 Qd1+ 32.Kg2 Qg4+ 33.Qg3 Qxf4 34.Rxf4 Rxf4 35.Bd7 Re4
36.Bb5 c4 37.Qc7 Re2 38.Qxc4 Rfxf2+ 39.Kg1 Rg2+ 40.Kf1 Rgf2+ 41.Kg1 Rg2+  1/2-1/2

[Event "Open ch-NOR"]
[Site "Oslo NOR"]
[Date "2004.04.05"]
[Round "3"]
[White "Sousa,H"]
[Black "Wohl,A"]
[Result "1/2-1/2"]
[WhiteElo "2096"]
[BlackElo "2399"]

1.e4 g6 2.d4 Bg7 3.Nc3 a6 4.f4 b5 5.Nf3 Bb7 6.Bd3 d6 7.O-O c5 8.dxc5 dxc5
9.e5 Nc6 10.Be3 c4 11.Be4 e6 12.Qe2 Nge7 13.Rad1 Qc7 14.Qf2 O-O 15.Bb6 Qc8
16.Rd2 f5 17.exf6 Bxf6 18.Rfd1 b4 19.Na4 Nd5 20.Bc5 c3 21.Rxd5 exd5 22.Bxd5+ Kh8
23.Nb6 Qf5 24.bxc3 Rfd8 25.Nxa8 Rxd5 26.Rxd5 Qxd5 27.Nb6 Qd1+ 28.Qe1 Qxe1+
29.Nxe1 Bxc3 30.Kf2 Kg7 31.Nd5 Bxe1+ 32.Kxe1 a5 33.g3 Kf7 34.Kd2 Ne5 35.fxe5 Bxd5
36.a3 bxa3 37.Bxa3 Ke6 38.Bd6 a4 39.Kd3 h5 40.Kd4 Bc6 41.h4 Bd5 42.Ba3 Bf3
43.c4 Bg2 44.Bb2 Bf1 45.Kc5 a3 46.Bc3 a2 47.Bb2 Be2 48.Kd4 Bf1  1/2-1/2

[Event "42nd Doeberl Cup"]
[Site "Canberra AUS"]
[Date "2004.04.12"]
[Round "7"]
[White "Solomon,SJ"]
[Black "Bennett,H"]
[Result "1-0"]
[WhiteElo "2404"]
[BlackElo "2092"]

1.e4 g6 2.d4 Bg7 3.Nc3 d5 4.exd5 Nf6 5.Bb5+ Nbd7 6.Qf3 O-O 7.Bg5 Nb6 8.Bxf6 Bxf6
9.Nge2 Bf5 10.O-O-O Qd6 11.Ng3 Bg5+ 12.Kb1 Qf4 13.Qxf4 Bxf4 14.Nxf5 gxf5
15.Be2 Rad8 16.Bf3 Nc4 17.Rd3 b5 18.g3 Bh6 19.Rhd1 a6 20.a3 Rb8 21.Ka2 b4
22.axb4 Rxb4 23.b3 Nd6 24.Ne2 Rfb8 25.Rc3 a5 26.Rxc7 a4 27.Rd3 axb3+ 28.Rxb3 Ra4+
29.Kb2 Rba8 30.Kc3 Ra1 31.Nf4 Rf1 32.Nd3 Ra4 33.Rxe7 Rc4+ 34.Kb2 Rxd4 35.Rd7 Ne4
36.Bh5 Bd2 37.Rb8+ Kg7 38.Rxf7+ Kh6 39.Rb6+ Kxh5 40.Rxh7+ Kg5 41.f4+ Bxf4
42.Rg7+ Kh5 43.Nxf4+ Rxf4 44.gxf4 Rxd5  1-0

[Event "6th Open"]
[Site "Dubai UAE"]
[Date "2004.04.19"]
[Round "1"]
[White "Velcheva,M"]
[Black "Minasian,Art"]
[Result "0-1"]
[WhiteElo "2281"]
[BlackElo "2585"]

1.e4 g6 2.d4 Bg7 3.Nc3 a6 4.Be3 b5 5.Bd3 Bb7 6.Nf3 d6 7.e5 Nd7 8.e6 fxe6
9.Ng5 Nf8 10.O-O Nf6 11.Re1 Qd7 12.Qe2 h6 13.Nf3 Kf7 14.Bd2 Kg8 15.a4 b4
16.Ne4 Nxe4 17.Bxe4 Bxe4 18.Qxe4 Rb8 19.c4 bxc3 20.Bxc3 Bf6 21.Qd3 Rb6 22.Nd2 Rh7
23.Nc4 Rb8 24.Ne3 Ra8 25.d5 e5 26.Qc4 Rf7 27.Ba5 Bg5 28.Rac1 Rf4 29.Qxc7 Rxa4
30.b4 Qxc7 31.Rxc7 Ra2 32.Nc4 h5 33.Nb6 Re8 34.Ra7 Nh7 35.Rf1 Nf6 36.Rxa6 Bd2
37.Nc4 Bxb4  0-1

[Event "ch-UKR Women"]
[Site "ALushta UKR"]
[Date "2004.05.07"]
[Round "4"]
[White "Gorbatenko,K"]
[Black "Efremova,Y"]
[Result "0-1"]
[WhiteElo "1951"]
[BlackElo "2196"]

1.e4 g6 2.d4 Bg7 3.Nc3 d5 4.exd5 Nf6 5.Bc4 O-O 6.Nge2 Nbd7 7.O-O Nb6 8.Bb3 a5
9.Na4 Nxa4 10.Bxa4 Nxd5 11.a3 c6 12.c4 Nb6 13.Bb3 a4 14.Ba2 Be6 15.Qd3 Qd7
16.Be3 Rad8 17.Rfd1 Nc8 18.Qc2 Nd6 19.Qxa4 Nf5 20.Qb4 Nxe3 21.fxe3 Bg4 22.Re1 Bh6
23.Qc3 c5 24.dxc5 Qc7 25.Nd4 Qxc5 26.b4 Qg5 27.Bb1 Bg7 28.Ra2 e5 29.Nb5 Rd7
30.Rd2 Rfd8 31.Rxd7 Rxd7 32.c5 h5 33.Nd6 h4 34.Be4 Qe7 35.Qc4 Be6 36.Bd5 Bxd5
37.Qxd5 Bf8 38.Rf1 h3 39.g3 b6 40.a4 bxc5 41.bxc5 Kg7 42.Qc4 f5 43.Rxf5 Rc7
44.Rf7+ Qxf7 45.Nxf7 Rxf7 46.Qe6 Rf5 47.e4 Bxc5+  0-1

[Event "FSGM May"]
[Site "Budapest HUN"]
[Date "2004.05.07"]
[Round "7"]
[White "Papp,Ga"]
[Black "Chernyshov,K"]
[Result "0-1"]
[WhiteElo "2434"]
[BlackElo "2556"]

1.e4 g6 2.d4 Bg7 3.Nc3 a6 4.Be3 b5 5.Qd2 Bb7 6.f3 d6 7.O-O-O Nd7 8.h4 c5
9.dxc5 Nxc5 10.Bd4 Bh6 11.Be3 Bg7 12.Bd4 Bh6 13.Be3 Bxe3 14.Qxe3 Qb6 15.Kb1 Nf6
16.Nh3 b4 17.Nd5 Bxd5 18.exd5 Ncd7 19.Qd2 Rc8 20.g4 Rc5 21.Nf4 Ne5 22.Be2 h5
23.g5 Nfd7 24.Ng2 O-O 25.Qd4 Qc7 26.Ne3 Nb6 27.f4 Nec4 28.Nxc4 Nxc4 29.Bd3 Nb6
30.Be4 Na4 31.Rhe1 Rc4 32.Qd3 Nc3+ 33.Ka1 Nxd1 34.Rxd1 Rc8 35.Kb1 Qc5 36.f5 Rc3
37.Qd2 Re3 38.Bd3 Qd4 39.fxg6 fxg6 40.Qc1 Rxd3 41.Rxd3 Qxh4 42.a3 Rc4 43.axb4 Rxb4
44.Rf3 Re4 45.Rf1 Re5 46.Qd2 Qxg5 47.Qa5 Rf5 48.Re1 Rxd5 49.Qxa6 Re5 50.Rf1 Rf5
51.Rxf5 gxf5 52.b4 h4 53.b5 h3 54.Qc8+ Kh7 55.b6 h2 56.b7 h1=Q+ 57.Ka2 Qd5+  0-1

[Event "ch-UKR Women"]
[Site "ALushta UKR"]
[Date "2004.05.10"]
[Round "7"]
[White "Arutyunova,D"]
[Black "Efremova,Y"]
[Result "1/2-1/2"]
[WhiteElo "2373"]
[BlackElo "2196"]

1.e4 g6 2.d4 Bg7 3.Nc3 d5 4.Nf3 dxe4 5.Nxe4 Nh6 6.Bf4 Nf5 7.c3 Nd7 8.Bd3 Nb6
9.Qe2 Nd5 10.Bd2 Nd6 11.O-O O-O 12.Rfe1 Bf5 13.Rad1 c6 14.Ne5 Nxe4 15.Bxe4 Bxe4
16.Qxe4 Nf6 17.Qh4 Re8 18.Bh6 Bh8 19.Rd3 Qd5 20.Rh3 Rad8 21.f4 c5 22.f5 cxd4
23.c4 Qc5 24.fxg6 fxg6 25.b4 Qxb4 26.Bg5 Bg7 27.Bxf6 exf6 28.Qxh7+ Kf8 29.Nxg6+ Kf7
30.Ne5+ Kf8 31.Ng6+ Kf7 32.Ne5+ Kf8 33.Ng6+ Kf7  1/2-1/2

[Event "5th IECC"]
[Site "Antalya TUR"]
[Date "2004.05.18"]
[Round "4"]
[White "Pashikian,A"]
[Black "Istratescu,A"]
[Result "1/2-1/2"]
[WhiteElo "2466"]
[BlackElo "2587"]

1.e4 c5 2.Nc3 g6 3.d4 Bg7 4.dxc5 Bxc3+ 5.bxc3 Qa5 6.Qd4 Nf6 7.Qb4 Qc7 8.Bd3 b6
9.cxb6 axb6 10.Be3 Na6 11.Bxb6 Qc6 12.Qd4 d6 13.a4 O-O 14.a5 Nc5 15.Bxc5 dxc5
16.Qa4 Qc7 17.Nf3 Bd7 18.Qa2 Rfc8 19.Nd2 Qf4 20.g3 Qh6 21.Nc4 Be6 22.Qa4 Bxc4
23.Bxc4 Rd8 24.Bd3 Ng4 25.h4 Ne5 26.O-O g5 27.Kg2 Qh5 28.hxg5 Qf3+ 29.Kg1 c4
30.Bxc4 Rd2 31.Qb4 e6 32.Bd3 Qh5 33.Kg2 Qf3+ 34.Kg1 Qh5 35.Kg2 Qf3+  1/2-1/2

[Event "Todd Southam Mem"]
[Site "Toronto CAN"]
[Date "2004.06.13"]
[Round "2"]
[White "Thavandiran,S"]
[Black "Day,L"]
[Result "0-1"]
[WhiteElo "2132"]
[BlackElo "2266"]

1.e4 g6 2.d4 Bg7 3.Nc3 c5 4.Nf3 Qa5 5.d5 Bxc3+ 6.bxc3 Nf6 7.e5 Nxd5 8.Bd2 Qa4
9.Bd3 Nf4 10.Bxf4 Qxf4 11.Qe2 Nc6 12.h4 d5 13.exd6 Qxd6 14.h5 Bg4 15.hxg6 fxg6
16.Rd1 Qf6 17.Kf1 O-O-O 18.Rb1 Rd7 19.Be4 Nd8 20.Qc4 Rc7 21.Bxb7+ Rxb7 22.Qxg4+ Qf5
23.Qxf5+ gxf5 24.Rxb7 Kxb7 25.Ke2 Nf7 26.Rh5 e6 27.Ke3 h6 28.g4 fxg4 29.Ne5 Nxe5
30.Rxe5 h5 31.Kf4 Rf8+ 32.Kg5 Rxf2 33.Kxh5 g3 34.Rg5 Rf5  0-1